Dexter Characters Ultimate - Statistics

General Stats
  • This quiz has been taken 203 times
  • The average score is 29 of 105
Answer Stats
Character % Correct
Dexter Morgan
97%
Debra Morgan
96%
Rita Morgan
87%
Angel Batista
84%
Harry Morgan
82%
James Doakes
81%
Harrison Morgan
78%
Maria LaGuerta
78%
Brian Moser
77%
Joey Quinn
77%
Arthur Mitchell
74%
Vince Masuka
72%
Astor Bennett
65%
Cody Bennett
65%
Laura Moser
61%
Miguel Prado
58%
Hannah McKay
57%
Paul Bennett
57%
Jonah Mitchell
56%
Travis Marshall
56%
Frank Lundy
54%
Lila West
54%
Oliver Saxon
54%
Jordan Chase
50%
Lumen Pierce
50%
Rebecca Mitchell
49%
Jaime Batista
48%
Doris Morgan
47%
Evelyn Vogel
47%
Oscar Prado
47%
Ramon Prado
47%
Sally Mitchell
47%
Auri Batista
45%
Nina Batista
45%
Jess Doakes
44%
Roni Doakes
44%
Isaak Sirko
41%
Thomas Matthews
41%
Sylvia Prado
37%
George King
35%
Bill Bennett
33%
Carlos Prado
33%
Maura Bennett
33%
Sara Prado
32%
Lisa Marshall
31%
James Gellar
27%
Mike Anderson
27%
Clint McKay
25%
Stan Liddy
22%
Anton Briggs
21%
Boyd Fowler
18%
Christine Hill
17%
Samuel Wright
17%
Hector Estrada
16%
Alfonso
15%
Ray Speltzer
15%
Zach Hamilton
15%
Ellen Wolf
11%
Esmee Pascal
10%
Scott Smith
10%
Jacob Elway
9%
Louis Greene
9%
Santos Jimenez
9%
Cole Harmon
8%
Dan Mendell
6%
George Novikov
6%
Nick
6%
Sal Price
6%
Viktor Baskov
6%
Fred Bowman
5%
Zoey Kruger
5%
Emmet Meridian
4%
Joe Driscoll
4%
Kyle Butler
4%
Neil Perry
4%
Tony Tucci
4%
Alex Tilden
3%
Barbara Gianna
3%
Camilia Figg
3%
Clemson Galt
3%
Jorge Castillo
3%
Max Clayton
3%
Michael Soderquist
3%
Niki Walters
3%
Wayne Randall
3%
Yuki Amado
2%
Cassie Jollenston
1%
Francis
1%
Javier Guzman
1%
Jurg
1%
Norma Rivera
1%
Omar Rivera
1%
Robert Ramos
1%
Ryan Chambers
1%
Sonya
1%
Ariene Schram
0%
Beth Dorsey
0%
Elliot Larson
0%
Gail Brandon
0%
Kaja Soroka
0%
Nicholas Galway
0%
Olivia
0%
Roger Hicks
0%
Steve Dorsey
0%
Yasmine
0%
No matching quizzes found
Score Distribution
Percent of People with Each Score
Percentile by Number Answered
Your Score History
You have not taken this quiz